000 00349 a2200157 4500
001 58048
020 _a8501060429
040 _cAnchieta - Pituba
100 _aAndrade, Carlos Drummond de
240 1 0 _aSentimento do mundo
_lpor
245 1 0 _aSentimento do mundo
300 _a117
362 0 _a2002
650 4 _aPoesia brasileira
942 _cBK
999 _c58048
_d58048